00513nam a2200193 a 4500001001300000003000900013005001700022008004100039020001000080082002100090100002100111245002000132260004500152500003500197505002400232650001700256650002500273700002100298nice12345678IN_TiNIC20260116012321.0050524s0000 dela grp 000 0 eng  ac10000a305.480297bMER1 aMernissi, Fatima aBeyond the Veil aDelhibIntercultural Publications c0000 aincludes index and biblioraphy2 aBibliography, Index aMuslim Women aMuslim Women-Morocco1 aMernissi, Fatima